France Vrai ou Faux ? - Statistiques

Statistiques générales
  • Ce quiz a été pris 825 fois
    791 depuis la dernière actualisation
  • Le résultat moyen est 8 sur 15
Statistiques - réponses
Question Réponse % Correct
L'Algérie appartenait a la France de 1830 à 1962 Vrai
92%
La monarchie est toujours en vigueur en France Faux
88%
La France est le pays le plus peuplé de L'Union Européenne Faux
86%
La France est le pays le plus médaillé de l'histoire des Jeux Olympiques Faux
84%
Il y a 101 départements en France Vrai
72%
Le Président de l'Assemblée nationale est Gérard Larcher Faux
70%
4 villes françaises ont des arrondissements Faux
50%
Tours a été la capitale de la France Vrai
44%
Il y a 13 régions en France Faux
41%
Il y a 12 fuseaux horaires en France Vrai
41%
Thoune est une commune française Faux
39%
Mayotte est un département français depuis 1989 Faux
36%
Il y avait 10 candidats lors de l'éléction présidentielle de 2017 Faux
33%
Trois des cinq républiques françaises ont durées moins de 10 ans Faux
23%
Il y a plus de 36 000 communes en France Faux
6%
Aucun quiz correspondant
Distribution des résultats
% des personnes avec chaque résultat
Percentile par nombre de réponses
Votre historique - résultats
Vous n’avez pas pris ce quiz depuis la dernière actualisation